| 000 | 00609nam a22002177a 4500 | ||
|---|---|---|---|
| 001 | 00028875 | ||
| 005 | 20260424102739.0 | ||
| 008 | 260424b ag ||||| |||| 00| 0 spa d | ||
| 020 | _a8441307105 | ||
| 040 |
_aAR-CcCEOS _bspa _cAR-CcCEOS |
||
| 041 | _aspa | ||
| 080 | _a94:7(520) | ||
| 090 | _bLEO v.2 | ||
| 100 | 1 |
_aLeonard, Jonathan Norton, _d1903-1975 _91114 |
|
| 245 |
_aJapón Antiguo : _bVolumen II / _cJonathan Norton Leonard |
||
| 264 |
_aBarcelona : _bFolio, _c1997. |
||
| 300 |
_a185 p. ; _c24x18 cm. |
||
| 490 | _vAtlas culturales del mundo. | ||
| 655 | 0 |
_aarte _9138 |
|
| 942 |
_2udc _cBK _n0 |
||
| 999 |
_c28917 _d28917 |
||